000 01008nam a22003131 4500
001 01107648
003 DO-SdBNP
005 20240521122758.0
007 01107648
008 920725s2005 dr spa
017 _a
_b
020 _a084771554X
035 _a
040 _aBPMSU
_bspa
_cBPMSU
082 _a398.9
_bG759g 2005
_222
245 0 0 _aGrano a grano... :
_b Refranes de Puerto Rico /
_c Selección Josefina Barcelón; ilustraciones Juan Álvarez O Neill
_h
246 1 4 _a Grano a grano... :
_brefranes populares
260 _aColombia :
_bUniversidad de Puerto Rico,
_c2005
300 _a25 p. :
_bil,. ;
_c21 cm
490 0 _aRaíces
_v
590 _aInventariado, 2024/VM
650 4 _a Refranes y proverbios puertorriqueños
_v
_2
650 4 _aFolclor
_zPuerto Rico
700 1 _aBarceló, Josefina
_eselección
700 1 _aÁlvarez, Juan
_eilustraciones
710 2 _aUniversidad de Puerto Rico
910 _aVMateo V. Control de calidad. BPMSU
942 _2ddc
_cBK
999 _c14652
_d14652